000 00378cam a22001457a 4500
008 180718b1981 xxu||||| |||| 00| 0 eng d
082 _aB2 J199
100 _aJain, M.P.
245 _aPolitical theory : liberal and Marxian
_cby M.P. Jain
250 _a2nd ed.
260 _aDelhi
_bAuthors Guild
_c1981
300 _a632p.
500 _aRs.75.00
650 _aPolitical Science.
999 _c346976
_d346976